000 00686nam a22002057a 4500
005 20251108173333.0
008 250721s1997 xx 000 0 ara d
082 1 4 _aط/ق
100 1 _aقطب، محمد علي
245 1 0 _aحبال الضوء /
264 1 _aالقاهرة :
_bالدار العربية للتوزيع،
_c1997.
300 _a23 ص.
490 0 _aحكايات جدتي : سلسلة قصصية تربوية للفتيان و الفتيات
_v8
650 1 7 _aالقصص العربية
650 1 7 _aالخداع
653 _aأطفال مرحلة متوسطة (6-9 سنوات)
700 1 _aقطب، محمد
_eCart.
942 _2ddc
_cBK
999 _c101552
_d101552